Statistiques concernant Nuance de quelle couleur?

Cliquez ici pour prendre le quiz!

Statistiques générales

  • Ce quiz a été pris 1 030 fois
  • Le résultat moyen est 16 sur 24

Statistiques - réponses

HintRéponse% Correct
CielBleu
98%
PoussinJaune
98%
SangRouge
98%
MoutardeJaune
97%
AubergineViolet
89%
LavandeViolet
85%
RoiBleu
84%
FeuRouge
84%
PommeVert
84%
RoiBleu
80%
VermillonRouge
69%
SoufreJaune
64%
PétroleBleu
63%
CarminRouge
61%
CramoisiRouge
58%
CardinalRouge
55%
d'EauVert
48%
AbsintheVert
47%
ChamoisJaune
43%
TurquinBleu
42%
MalachiteVert
39%
AuroreJaune
32%
CéladonVert
23%
de VessieVert
17%

Distribution des résultats

Percentile par nombre de réponses

% des personnes avec chaque résultat

Votre développement - résultats

Vous n’avez pas pris ce quiz